000 00431nam a2200181Ia 4500
001 10269
005 20260306161819.0
008 260306t2004||||xx |||||||||||||| ||spa||
041 _aESP
082 _a911
_bA57
100 _aDeter, Jean Paul
_eAUT
245 0 _aLos andes:
_by el reto del espacio mundo
260 _c2004
300 _a419 páginas :
_c20 cm.
650 _aGEN
654 _aCHU
942 _cLIB
_dJUS
_fJUS
_2ddc
_n
999 _c10269
_d10269